000 00486nam a2200181Ia 4500
001 11178
005 20260306161927.0
008 260306t1977||||xx |||||||||||||| ||spa||
041 _aESP
082 _a985.073
_bS71
100 _aSoto León Velarde, Enrique,
_eAUT
245 0 _aMito y verdad de la revolución militar :
_b(el Perú en las líneas de la mano)
260 _c1977
300 _a78 páginas :
_c19 cm.
650 _aGEN
654 _aCHU
942 _cLIB
_dJUS
_fJUS
_2ddc
_n
999 _c11178
_d11178